000
00279nam a22001337a 4500
008
170213b xxu||||| |||| 00| 0 eng d
020
_a
9781850704805
041
_a
eng
080
_a
61
100
_a
4
101
_a
SHNM
245
_a
ATHEROSCLEROSIS
_c
STARY.C
942
_2
udc
_c
BK
999
_c
5245
_d
5245